000 00587nam a2200253Ia 4500
003 IT-RoPAU
008 120407s9999 xx 000 0 und d
040 _aIT-RoPAU
040 _cIT-RoPAU
041 _afra
100 _aMichel Bon
245 _a"Bon Michel- D’Arc Antoine Rapport sur l’homosexualitè de l’homme"
250 _aParis.
260 _aEd. Universitaires
260 _c1974
300 _a524 p.
300 _c23,5 cm
490 _v1
600 _aD’Arc Antoin coll.
700 _aAntoine D’Arc
700 _ccoll
942 _cBK
999 _c35481
_d35481